[Event "GER-chT U14"]
[Site "Willingen"]
[Date "2021.06.24"]
[Round "1.6"]
[White "Ellert, Stefan"]
[Black "Krishnachandran, Srihari"]
[Result "1-0"]
[WhiteElo "1657"]
[BlackElo "1323"]
[PlyCount "55"]
[EventDate "2021.06.23"]
[EventType "team-swiss"]
[EventRounds "7"]
[EventCountry "GER"]
[SourceTitle "EXT 2022"]
[Source "ChessBase"]
[SourceDate "2021.10.06"]
[SourceVersion "1"]
[SourceVersionDate "2021.10.06"]
[SourceQuality "1"]
[WhiteTeam "Berlin Empor"]
[BlackTeam "Duesseldorf SV"]
[WhiteTeamCountry "GER"]
[BlackTeamCountry "GER"]

1. d4 Nf6 2. Nf3 e6 3. Bf4 d5 4. e3 c5 5. c3 Nc6 6. Bd3 Bd6 7. Bg3 0-0 8. 0-0 b6 9. Nbd2 Bb7 10. Ne5 Qc7 11. f4 Ne7 12. Qc2 Ng6 13. h3 Rac8 14. Rac1 Rfd8 15. Bh2 a6 16. g4 c4 17. Be2 Ne4 18. Nxe4 dxe4 19. Nxc4 Ne7 20. Nxd6 Qxd6 21. f5 Qd7 22. f6 Nd5 23. Be5 Nxe3 24. Qd2 Nxf1 25. Qg5 g6 26. Qh6 Qxd4+ 27. Bxd4 Rxd4 28. Qg7# 1-0

[Event "GER-chT School WK 3"]
[Site "Playchess.com INT"]
[Date "2020.06.15"]
[Round "1.3"]
[White "Legrand, Nicolas"]
[Black "Ellert, Stefan"]
[Result "0-1"]
[WhiteElo "1262"]
[BlackElo "1813"]
[PlyCount "90"]
[EventDate "2020.06.15"]
[EventType "team-swiss (blitz)"]
[EventRounds "5"]
[EventCountry "GER"]
[SourceTitle "EXT 2021"]
[Source "ChessBase"]
[SourceDate "2020.10.23"]
[SourceVersion "1"]
[SourceVersionDate "2020.10.23"]
[SourceQuality "1"]
[WhiteTeam "Bonn Beethoven Gymn"]
[BlackTeam "Berlin H Hertz Gymn"]
[WhiteTeamCountry "GER"]
[BlackTeamCountry "GER"]

1. e4 c6 2. Nc3 d5 3. d4 dxe4 4. Nxe4 Bf5 5. f3 Nf6 6. Bd3 e6 7. Nh3 Be7 8. Bf4 Qxd4 9. c3 Qb6 10. Qd2 Bxh3 11. gxh3 Nd5 12. 0-0-0 Nd7 13. Rhe1 Nc5 14. Be3 Nxe3 15. Qxe3 Nxd3+ 16. Rxd3 Qxe3+ 17. Rexe3 0-0 18. Kb1 Rad8 19. Rd4 Rxd4 20. cxd4 Rd8 21. Rd3 c5 22. Nxc5 Bxc5 23. Kc2 Rxd4 24. Kc3 Rxd3+ 25. Kxd3 Bg1 26. b3 Bxh2 27. a3 Bd6 28. a4 a5 29. Kc4 b6 30. Kb5 Bc5 31. Kc4 g5 32. Kd3 f5 33. Kc3 h5 34. Kd3 g4 35. Ke2 g3 36. Kf1 h4 37. Kg2 e5 38. b4 axb4 39. a5 bxa5 40. f4 e4 41. Kf1 b3 42. Kg2 b2 43. Kf1 b1Q+ 44. Ke2 Qd3+ 45. Ke1 Bf2# 0-1

[Event "GER-ch Net Amateur Gr-B Final"]
[Site "Playchess.com INT"]
[Date "2020.04.18"]
[Round "2"]
[White "Ellert, Stefan"]
[Black "Berg, Juergen"]
[Result "1-0"]
[WhiteElo "1767"]
[BlackElo "1675"]
[PlyCount "71"]
[EventDate "2020.04.18"]
[EventType "swiss (blitz)"]
[EventRounds "13"]
[EventCountry "GER"]
[SourceTitle "CBM 195 Extra"]
[Source "ChessBase"]
[SourceDate "2020.05.31"]
[SourceVersion "1"]
[SourceVersionDate "2020.05.31"]
[SourceQuality "1"]

1. d4 e6 2. Bf4 d5 3. Nf3 Nf6 4. e3 Bd6 5. Bg3 0-0 6. Bd3 b6 7. c3 Bb7 8. Nbd2 Ne4 9. 0-0 f5 10. Qc2 Nd7 11. Rac1 Ndf6 12. Ne5 Nxd2 13. Qxd2 Ne4 14. Qe2 Nxg3 15. hxg3 Bxe5 16. dxe5 c5 17. g4 c4 18. Bb1 Qg5 19. gxf5 d4 20. e4 d3 21. Qe3 Qxe3 22. fxe3 exf5 23. exf5 Kf7 24. b3 b5 25. a4 a6 26. bxc4 bxc4 27. Ba2 Bd5 28. e4 Bxe4 29. Bxc4+ Ke7 30. Be6 Rad8 31. Rcd1 g6 32. g4 gxf5 33. gxf5 Rb8 34. Rf4 Bc6 35. Rxd3 Bd7 36. Rxd7+ 1-0

[Event "GER-ch Net Amateur Gr-B Final"]
[Site "Playchess.com INT"]
[Date "2020.04.18"]
[Round "12"]
[White "Ellert, Stefan"]
[Black "Sommer, Justus"]
[Result "0-1"]
[WhiteElo "1767"]
[BlackElo "1728"]
[PlyCount "164"]
[EventDate "2020.04.18"]
[EventType "swiss (blitz)"]
[EventRounds "13"]
[EventCountry "GER"]
[SourceTitle "CBM 195 Extra"]
[Source "ChessBase"]
[SourceDate "2020.05.31"]
[SourceVersion "1"]
[SourceVersionDate "2020.05.31"]
[SourceQuality "1"]

1. d4 d5 2. Bf4 Nf6 3. Nf3 c5 4. e3 Qb6 5. Na3 c4 6. Qc1 e6 7. c3 Nc6 8. Nc2 Bd7 9. Be2 Be7 10. 0-0 Qd8 11. b3 b5 12. Ne5 0-0 13. Ne1 Nxe5 14. Bxe5 Bc6 15. Bf3 Rc8 16. b4 a5 17. a3 Ra8 18. Bxf6 Bxf6 19. g3 axb4 20. axb4 Rxa1 21. Qxa1 Qd7 22. Qb2 Ra8 23. Ng2 g6 24. Ra1 Qb7 25. Nf4 Ra4 26. Bd1 Ra8 27. Ra3 Rxa3 28. Qxa3 Qa8 29. Qxa8+ Bxa8 30. Bc2 e5 31. Ne2 Kf8 32. f4 e4 33. g4 Be7 34. Kg2 Kg7 35. Ng3 Bc6 36. f5 Bd6 37. fxg6 hxg6 38. h4 Bd7 39. Bd1 f5 40. gxf5 gxf5 41. Nh5+ Kg6 42. Ng3 f4 43. exf4 Bxf4 44. Bh5+ Kh6 45. Bf7 Bd2 46. Bxd5 Bxc3 47. Nxe4 Bxd4 48. Nc5 Be8 49. Ne6 Bf6 50. Nc7 Bd7 51. Be4 c3 52. Nd5 Be5 53. Bc2 Be6 54. Nb6 Bf7 55. Nc8 Bg6 56. Bd1 c2 57. Bxc2 Bxc2 58. Na7 Bd3 59. Nxb5 Bxb5 60. Kf3 Bc3 61. Ke4 Bxb4 62. Kd5 Kh5 63. Kd4 Kxh4 64. Kd5 Kg4 65. Kd4 Kf4 66. Kd5 Ke3 67. Ke5 Bc4 68. Kf5 Bc5 69. Ke5 Bd4+ 70. Kd6 Ke4 71. Kc6 Ke5 72. Kd7 Bd5 73. Kc7 Bc5 74. Kd7 Kf6 75. Kc7 Ke7 76. Kc8 Kd6 77. Kb8 Kc6 78. Kc8 Be7 79. Kb8 Be6 80. Ka8 Kb6 81. Kb8 Bd6+ 82. Ka8 Bd5# 0-1

[Event "GER-ch Net Amateur Gr-B Vor3"]
[Site "Playchess.com INT"]
[Date "2020.04.16"]
[Round "6"]
[White "Ellert, Stefan"]
[Black "Blome, Johannes"]
[Result "1-0"]
[WhiteElo "1764"]
[BlackElo "1838"]
[PlyCount "111"]
[EventDate "2020.04.16"]
[EventType "swiss (blitz)"]
[EventRounds "9"]
[EventCountry "GER"]
[SourceTitle "CBM 195 Extra"]
[Source "ChessBase"]
[SourceDate "2020.05.31"]
[SourceVersion "1"]
[SourceVersionDate "2020.05.31"]
[SourceQuality "1"]

1. d4 Nf6 2. Bf4 d5 3. Nf3 e6 4. e3 Bd6 5. Bg3 0-0 6. Bd3 b6 7. c3 Ba6 8. Bxa6 Nxa6 9. Qd3 Nb8 10. Nbd2 c5 11. 0-0 Nc6 12. Rfe1 Bxg3 13. hxg3 cxd4 14. exd4 b5 15. Qxb5 Qc7 16. Qd3 Rab8 17. Nb3 Na5 18. Nxa5 Qxa5 19. Re2 Ne4 20. Ne5 Rb7 21. Kh2 Rfb8 22. Nc6 Qb5 23. Qxb5 Rxb5 24. Nxb8 Rxb8 25. f3 Nd6 26. b3 Kf8 27. Rc1 Rc8 28. g4 Ke7 29. Kg3 Nb5 30. Rec2 Na3 31. Re2 Nb5 32. Rec2 Na3 33. Rd2 Nb5 34. c4 dxc4 35. bxc4 Nd6 36. c5 Nb5 37. d5 exd5 38. Rxd5 Nc7 39. Re5+ Ne6 40. f4 Kf6 41. g5+ Kg6 42. f5+ Kxg5 43. fxe6+ Kf6 44. Rh5 fxe6 45. Rxh7 Kg6 46. Rh4 Rd8 47. Ra4 Rd3+ 48. Kh2 Rd5 49. Rxa7 Rh5+ 50. Kg1 Kf6 51. c6 Rh8 52. c7 Rc8 53. Rb7 Ke7 54. Rb8 Kd7 55. Rxc8 Kxc8 56. a4 1-0

[Event "GER-ch Net Amateur Gr-B Vor2"]
[Site "Playchess.com INT"]
[Date "2020.04.15"]
[Round "1"]
[White "Watermann, Bernd"]
[Black "Ellert, Stefan"]
[Result "0-1"]
[WhiteElo "1547"]
[BlackElo "1722"]
[PlyCount "104"]
[EventDate "2020.04.15"]
[EventType "swiss (blitz)"]
[EventRounds "9"]
[EventCountry "GER"]
[SourceTitle "CBM 196 Extra"]
[Source "ChessBase"]
[SourceDate "2020.07.31"]
[SourceVersion "1"]
[SourceVersionDate "2020.07.31"]
[SourceQuality "1"]

1. d4 d5 2. e3 Nf6 3. f4 Bf5 4. Nf3 e6 5. Bd3 Bg6 6. 0-0 Be7 7. Bd2 Nbd7 8. Be1 a6 9. Ne5 c5 10. c3 Bxd3 11. Qxd3 Ne4 12. Nd2 Ndf6 13. Bh4 Nxd2 14. Qxd2 Ne4 15. Qe2 Bxh4 16. Qh5 g6 17. Qh6 Bf6 18. g4 Qc7 19. g5 Bxe5 20. fxe5 0-0-0 21. Qg7 Nxg5 22. h4 Rhg8 23. Qh6 Ne4 24. Qxh7 Rh8 25. Qxf7 Qxf7 26. Rxf7 Rxh4 27. Raf1 Rdh8 28. Rf8+ Rxf8 29. Rxf8+ Kc7 30. Rf7+ Kb6 31. Kg2 g5 32. Re7 Rh6 33. Kf3 Rh3+ 34. Kg2 Rg3+ 35. Kh2 Rxe3 36. Rxe6+ Ka7 37. Rg6 Re2+ 38. Kg1 Rxb2 39. Kf1 cxd4 40. cxd4 Rb6 41. e6 g4 42. e7 Rxg6 43. e8Q Rf6+ 44. Ke1 g3 45. Qg8 Rf3 46. Qg4 Re3+ 47. Kd1 Nf2+ 48. Kd2 Nxg4 49. a3 Re4 50. Kd3 Rxd4+ 51. Ke2 g2 52. Kf3 g1Q 0-1

[Event "GER-ch Net Amateur Gr-B Vor1"]
[Site "Playchess.com INT"]
[Date "2020.04.14"]
[Round "4"]
[White "Ellert, Stefan"]
[Black "Fruth, David"]
[Result "1-0"]
[WhiteElo "1589"]
[BlackElo "1690"]
[PlyCount "109"]
[EventDate "2020.04.14"]
[EventType "swiss (blitz)"]
[EventRounds "9"]
[EventCountry "GER"]
[SourceTitle "EXT 2021"]
[Source "ChessBase"]
[SourceDate "2020.10.23"]
[SourceVersion "1"]
[SourceVersionDate "2020.10.23"]
[SourceQuality "1"]

1. g4 e5 2. d3 d5 3. Bg2 Bc5 4. h3 Ne7 5. Nc3 Nbc6 6. Nf3 Bd7 7. Bg5 f6 8. Bh4 Ng6 9. Bg3 Be6 10. e4 d4 11. Ne2 Qd7 12. a3 0-0-0 13. Qd2 Kb8 14. 0-0-0 Qe7 15. Kb1 Nf8 16. Nc1 Bf7 17. Nh4 Qe6 18. f4 g6 19. Rhf1 Qe7 20. Nf3 Bxa3 21. bxa3 Qxa3 22. Be1 a5 23. c3 Qa4 24. Qc2 dxc3 25. Bxc3 Qb5+ 26. Qb2 Qa6 27. fxe5 a4 28. e6 a3 29. Qc2 Bxe6 30. Na2 Na5 31. Bxa5 Qxa5 32. Nd2 Qb6+ 33. Ka1 Qd4+ 34. Qc3 Qb6 35. Nc4 Qc6 36. Rb1 Bxc4 37. Qxc4 Qd6 38. e5 fxe5 39. Rxb7+ Kc8 40. Rc1 Qd4+ 41. Qxd4 Rxd4 42. Rcxc7+ Kd8 43. Rc3 Ne6 44. Rb8+ Ke7 45. Rxh8 Nf4 46. Rxh7+ Kf6 47. Be4 Ne2 48. Rc6+ Kg5 49. Rxg6+ Kf4 50. Rf7+ Kg3 51. Rf3+ Kh2 52. Rf2+ Kg3 53. Rxe2 Rd7 54. Rg2+ Kxh3 55. Rh6# 1-0

[Event "GER-ch Net Amateur Gr-B Vor1"]
[Site "Playchess.com INT"]
[Date "2020.04.14"]
[Round "7"]
[White "Ellert, Stefan"]
[Black "Zhou, Lepu Coco"]
[Result "0-1"]
[WhiteElo "1770"]
[BlackElo "1664"]
[PlyCount "80"]
[EventDate "2020.04.14"]
[EventType "swiss (blitz)"]
[EventRounds "9"]
[EventCountry "GER"]
[SourceTitle "EXT 2021"]
[Source "ChessBase"]
[SourceDate "2020.10.23"]
[SourceVersion "1"]
[SourceVersionDate "2020.10.23"]
[SourceQuality "1"]

1. g4 d5 2. Bg2 Qd6 3. h3 g6 4. d4 Bg7 5. c3 e5 6. dxe5 Qxe5 7. Nf3 Qd6 8. Na3 Bd7 9. Nc2 Nf6 10. Bg5 0-0 11. 0-0 Ne4 12. Bh4 Nc6 13. Ng5 Nxg5 14. Bxg5 h6 15. Bh4 Be6 16. Bg3 Be5 17. Bxe5 Nxe5 18. e3 c6 19. Nd4 Rae8 20. Qc2 f5 21. Nf3 Nxf3+ 22. Bxf3 Kh7 23. Qe2 fxg4 24. Bxg4 Qd7 25. Kg2 Bxg4 26. Qxg4 Qxg4+ 27. hxg4 Re4 28. Kg3 h5 29. Rh1 Rxg4+ 30. Kh3 Rf3+ 31. Kh2 Rxf2+ 32. Kh3 Rxb2 33. Rae1 Rbg2 34. Ref1 Kh6 35. Rf3 Rxa2 36. Rhf1 Rgg2 37. Rh1 Kg5 38. Rf7 Rg4 39. Rhf1 Rag2 40. Rxb7 R4g3# 0-1

[Event "GER-ch Net Amateur Gr-B Vor1"]
[Site "Playchess.com INT"]
[Date "2020.04.14"]
[Round "1"]
[White "Viol, Julius"]
[Black "Ellert, Stefan"]
[Result "1-0"]
[WhiteElo "1707"]
[BlackElo "1580"]
[PlyCount "59"]
[EventDate "2020.04.14"]
[EventType "swiss (blitz)"]
[EventRounds "9"]
[EventCountry "GER"]
[SourceTitle "EXT 2021"]
[Source "ChessBase"]
[SourceDate "2020.10.23"]
[SourceVersion "1"]
[SourceVersionDate "2020.10.23"]
[SourceQuality "1"]

1. d4 d5 2. c3 Nf6 3. Nf3 Bf5 4. g3 e6 5. Bg2 Be7 6. 0-0 0-0 7. Nh4 Bg6 8. Nxg6 hxg6 9. Bf4 Nbd7 10. Nd2 c5 11. e4 cxd4 12. cxd4 Qb6 13. exd5 Nxd5 14. Nc4 Qb4 15. Bxd5 exd5 16. Ne5 Nxe5 17. Bxe5 Qxb2 18. Re1 Bf6 19. Qa4 Rfe8 20. Rab1 Qc3 21. Rbc1 Qf3 22. Re3 Qf5 23. Rce1 b6 24. Bxf6 Rxe3 25. Rxe3 gxf6 26. Qc6 Rc8 27. Qd6 Kg7 28. Kg2 Rc2 29. Rf3 Qg5 30. h4 1-0

[Event "Berlin Lichtenberger op 18th"]
[Site "Berlin"]
[Date "2019.08.23"]
[Round "7"]
[White "Grassi, Fabrizio"]
[Black "Ellert, Stefan"]
[Result "1-0"]
[WhiteElo "1861"]
[BlackElo "1580"]
[PlyCount "63"]
[EventDate "2019.08.17"]
[EventType "swiss"]
[EventRounds "9"]
[EventCountry "GER"]
[SourceTitle "EXT 2020"]
[Source "ChessBase"]
[SourceDate "2019.10.17"]
[SourceVersion "1"]
[SourceVersionDate "2019.10.17"]
[SourceQuality "1"]

1. d4 d5 2. Bf4 e6 3. e3 f5 4. Bd3 Nf6 5. Nf3 Bd6 6. Ne5 0-0 7. Nd2 b6 8. Qe2 c5 9. c3 Qc7 10. Ndf3 c4 11. Bc2 b5 12. a3 a5 13. b3 Nbd7 14. g4 Bxe5 15. Nxe5 Nxe5 16. Bxe5 Qf7 17. f3 Nd7 18. Bf4 Bb7 19. 0-0 Rae8 20. Bd6 g6 21. Bxf8 Qxf8 22. Qd2 Qd6 23. Kg2 Kg7 24. Rae1 Rh8 25. e4 h5 26. Qg5 hxg4 27. fxg4 fxe4 28. Re2 b4 29. Ref2 Rf8 30. Rxf8 Nxf8 31. Qf6+ Kg8 32. Qf7+ 1-0

[Event "Berlin Lichtenberger op 18th"]
[Site "Berlin"]
[Date "2019.08.22"]
[Round "6"]
[White "Ellert, Stefan"]
[Black "Landt, Stefan"]
[Result "0-1"]
[WhiteElo "1580"]
[BlackElo "1910"]
[PlyCount "52"]
[EventDate "2019.08.17"]
[EventType "swiss"]
[EventRounds "9"]
[EventCountry "GER"]
[SourceTitle "EXT 2020"]
[Source "ChessBase"]
[SourceDate "2019.10.17"]
[SourceVersion "1"]
[SourceVersionDate "2019.10.17"]
[SourceQuality "1"]

1. d4 Nf6 2. e3 d5 3. Bd3 c5 4. c3 Nc6 5. f4 Bg4 6. Nf3 c4 7. Bc2 Ne4 8. 0-0 f5 9. Nbd2 e6 10. Qe1 Be7 11. Ba4 Bxf3 12. Nxf3 Qa5 13. Bc2 Qd8 14. Bxe4 fxe4 15. Ne5 Nxe5 16. fxe5 Rf8 17. Qg3 Rxf1+ 18. Kxf1 Kf7 19. Qh3 Qg8 20. b3 b5 21. Rb1 Rb8 22. b4 Rf8 23. Ke2 Ke8 24. Bd2 Qf7 25. Be1 Qf1+ 26. Kd1 Rf2 0-1

[Event "Berlin Lichtenberger op 18th"]
[Site "Berlin"]
[Date "2019.08.21"]
[Round "5"]
[White "Beyer, Nils"]
[Black "Ellert, Stefan"]
[Result "0-1"]
[WhiteElo "1832"]
[BlackElo "1580"]
[PlyCount "68"]
[EventDate "2019.08.17"]
[EventType "swiss"]
[EventRounds "9"]
[EventCountry "GER"]
[SourceTitle "EXT 2020"]
[Source "ChessBase"]
[SourceDate "2019.10.17"]
[SourceVersion "1"]
[SourceVersionDate "2019.10.17"]
[SourceQuality "1"]

1. d4 d5 2. c4 c6 3. Nf3 e6 4. e3 f5 5. Bd3 Nf6 6. 0-0 Bd6 7. b3 0-0 8. Ba3 Ne4 9. Ne5 Rf6 10. f3 Bxa3 11. Nxa3 Nd6 12. Nc2 Rh6 13. Qe2 Nd7 14. Nxd7 Bxd7 15. c5 Nf7 16. e4 f4 17. g3 Qg5 18. Qg2 e5 19. Rfe1 exd4 20. exd5 fxg3 21. Qxg3 Qxd5 22. Bc4 Qxc5 23. Re5 Qf8 24. Qf4 Rg6+ 25. Kf2 d3 26. Nd4 b5 27. Ne6 Bxe6 28. Bxe6 Rf6 29. Qe4 Kh8 30. Rh5 h6 31. Bg4 Re8 32. Qxd3 Ne5 33. Qe4 Rf4 34. Rxh6+ gxh6 0-1

[Event "Berlin Lichtenberger op 18th"]
[Site "Berlin"]
[Date "2019.08.20"]
[Round "4"]
[White "Ellert, Stefan"]
[Black "Mayer, Herbert"]
[Result "1-0"]
[WhiteElo "1580"]
[BlackElo "1804"]
[PlyCount "105"]
[EventDate "2019.08.17"]
[EventType "swiss"]
[EventRounds "9"]
[EventCountry "GER"]
[SourceTitle "EXT 2020"]
[Source "ChessBase"]
[SourceDate "2019.10.17"]
[SourceVersion "1"]
[SourceVersionDate "2019.10.17"]
[SourceQuality "1"]

1. d4 d5 2. e3 Nf6 3. Bd3 g6 4. f4 Bg7 5. Nf3 0-0 6. Nbd2 Nbd7 7. 0-0 c5 8. c3 c4 9. Bc2 b5 10. Ne5 a5 11. e4 dxe4 12. Nxe4 Bb7 13. Qe2 Qb6 14. Nxf6+ Nxf6 15. f5 Rad8 16. Be3 Nd5 17. fxg6 Bxe5 18. gxf7+ Rxf7 19. Rxf7 Kxf7 20. Qh5+ Ke6 21. Qxe5+ Kd7 22. Qf5+ Qe6 23. Bd2 Qxf5 24. Bxf5+ e6 25. Bxh7 Nf6 26. Bc2 Rg8 27. g3 Ne4 28. Bxe4 Bxe4 29. Bf4 Kc6 30. Kf2 Kd5 31. Ke3 Rg7 32. h4 b4 33. Kd2 Bf5 34. Re1 Be4 35. Rg1 bxc3+ 36. Kxc3 Rg4 37. Bc7 a4 38. Be5 Bd3 39. h5 Bh7 40. Re1 Rg8 41. Bf4 Be4 42. h6 a3 43. bxa3 Ra8 44. Be5 Rxa3+ 45. Kb2 Ra7 46. Rxe4 Kxe4 47. Bg7 c3+ 48. Kxc3 Ra3+ 49. Kb4 Rxg3 50. h7 Rxg7 51. h8Q Rb7+ 52. Kc3 Rc7+ 53. Kd2 1-0

[Event "Berlin Lichtenberger op 18th"]
[Site "Berlin"]
[Date "2019.08.19"]
[Round "3"]
[White "Villuela, Roberto"]
[Black "Ellert, Stefan"]
[Result "1/2-1/2"]
[WhiteElo "1787"]
[BlackElo "1580"]
[PlyCount "50"]
[EventDate "2019.08.17"]
[EventType "swiss"]
[EventRounds "9"]
[EventCountry "GER"]
[SourceTitle "EXT 2020"]
[Source "ChessBase"]
[SourceDate "2019.10.17"]
[SourceVersion "1"]
[SourceVersionDate "2019.10.17"]
[SourceQuality "1"]

1. d4 d5 2. Bf4 c6 3. Nd2 Qb6 4. Nb3 e6 5. e3 Nf6 6. Bd3 Ne4 7. Ne2 f5 8. 0-0 Be7 9. c4 0-0 10. c5 Qd8 11. f3 Nf6 12. Qc2 Nh5 13. g4 Nxf4 14. exf4 Qe8 15. Ng3 Na6 16. Qd2 b6 17. Rfe1 Qf7 18. gxf5 exf5 19. Nxf5 Bxf5 20. Bxa6 Bh3 21. Bd3 Bh4 22. Re5 bxc5 23. dxc5 Qxf4 24. Qe2 Bf6 25. Bxh7+ Kf7 1/2-1/2

[Event "Berlin Lieb Memorial 5th"]
[Site "Berlin"]
[Date "2019.05.17"]
[Round "3"]
[White "Reck, Jessica"]
[Black "Ellert, Stefan"]
[Result "0-1"]
[WhiteElo "1677"]
[BlackElo "1510"]
[PlyCount "86"]
[EventDate "2019.05.03"]
[EventType "swiss"]
[EventRounds "7"]
[EventCountry "GER"]
[SourceTitle "EXT 2020"]
[Source "ChessBase"]
[SourceDate "2019.10.17"]
[SourceVersion "1"]
[SourceVersionDate "2019.10.17"]
[SourceQuality "1"]

1. e4 e5 2. Nf3 Nc6 3. Bc4 Bc5 4. 0-0 Nf6 5. d3 0-0 6. Nbd2 d6 7. c3 Be6 8. Bb5 a6 9. Ba4 b5 10. Bc2 d5 11. Nxe5 Nxe5 12. d4 Bd6 13. dxe5 Bxe5 14. f4 Bd6 15. h3 Bc5+ 16. Kh1 Nxe4 17. Nxe4 dxe4 18. Qh5 f5 19. Rd1 Qe7 20. b4 Bd6 21. Be3 Qf7 22. Qh4 Qf6 23. Qe1 Bc4 24. Bb3 Bxb3 25. axb3 Qe6 26. Rab1 Rad8 27. Qe2 Be7 28. Bd4 Qh6 29. Qf2 Bf6 30. Bc5 Rfe8 31. Qe3 Qh5 32. Qe1 Qf7 33. Bd4 Bxd4 34. cxd4 Rd5 35. Qc3 Qd7 36. Ra1 Qd6 37. Rac1 e3 38. g3 Re7 39. Qd3 e2 40. Re1 Rxd4 41. Qxf5 Rd1 42. Qc8+ Qd8 43. Qxa6 Rxc1 0-1

[Event "JBLN Ost 1819"]
[Site "Germany"]
[Date "2019.01.12"]
[Round "5.3"]
[White "Ellert, Stefan"]
[Black "Grossmann, Piet"]
[Result "0-1"]
[WhiteElo "1555"]
[BlackElo "1752"]
[PlyCount "130"]
[EventDate "2018.09.29"]
[EventType "team-tourn"]
[EventRounds "9"]
[EventCountry "GER"]
[SourceTitle "CBM 189 Extra"]
[Source "ChessBase"]
[SourceDate "2019.06.03"]
[SourceVersion "1"]
[SourceVersionDate "2019.06.03"]
[SourceQuality "1"]
[WhiteTeam "Berlin Empor"]
[BlackTeam "Torgelow"]
[WhiteTeamCountry "GER"]
[BlackTeamCountry "GER"]

1. b4 e6 2. Bb2 Nf6 3. a3 d5 4. Nf3 Be7 5. e3 Nbd7 6. Be2 b6 7. 0-0 Bb7 8. c4 c5 9. bxc5 bxc5 10. Nc3 0-0 11. Rb1 Rb8 12. cxd5 exd5 13. d4 Nb6 14. dxc5 Bxc5 15. Nd4 Bxd4 16. Qxd4 Qe7 17. Rfc1 Rfc8 18. Nb5 Ba8 19. Bd3 a6 20. Rxc8+ Nxc8 21. Nc3 Qd6 22. Ne2 h6 23. Ng3 Ne7 24. Qe5 Qxe5 25. Bxe5 Rxb1+ 26. Bxb1 Nd7 27. Bd6 Nc8 28. Bc7 g6 29. Bd3 Bb7 30. Ne2 Ncb6 31. Nd4 Nc4 32. a4 Nb2 33. Bc2 Nc5 34. a5 Nc4 35. Nb3 Nxb3 36. Bxb3 f5 37. Kf1 Nd2+ 38. Ke2 Nxb3 39. Kd3 Nc5+ 40. Kd2 Kf7 41. f3 Ke6 42. Kc3 Kd7 43. Bg3 Kc6 44. Kb4 Nd7 45. h4 g5 46. hxg5 hxg5 47. Bf2 Nf6 48. Ka4 g4 49. Kb4 Bc8 50. Ka4 Be6 51. Kb4 Nd7 52. Bh4 gxf3 53. gxf3 Ne5 54. f4 Ng4 55. Bf6 Nxe3 56. Ka3 Kb5 57. Ka2 Kxa5 58. Ka1 Kb5 59. Kb1 a5 60. Bd4 Nc4 61. Bh8 a4 62. Bb2 Nxb2 63. Ka1 a3 64. Kb1 Nc4 65. Ka1 Ne3 0-1

[Event "GER-chT U12"]
[Site "Magdeburg"]
[Date "2018.12.28"]
[Round "3.4"]
[White "Kort, Felix"]
[Black "Ellert, Stefan"]
[Result "1-0"]
[WhiteElo "1593"]
[BlackElo "1464"]
[PlyCount "47"]
[EventDate "2018.12.27"]
[EventType "team-swiss"]
[EventRounds "7"]
[EventCountry "GER"]
[SourceTitle "CBM 188 Extra"]
[Source "ChessBase"]
[SourceDate "2019.02.26"]
[SourceVersion "1"]
[SourceVersionDate "2019.02.26"]
[SourceQuality "1"]
[WhiteTeam "Hamburger SK"]
[BlackTeam "Berlin Empor"]
[WhiteTeamCountry "GER"]
[BlackTeamCountry "GER"]

1. d4 d5 2. c4 e6 3. Nc3 Nf6 4. cxd5 exd5 5. Bg5 c6 6. e3 Bf5 7. Qf3 Bg6 8. Bxf6 gxf6 9. h4 Qe7 10. a3 Bh6 11. Nge2 Nd7 12. Ng3 0-0-0 13. Rc1 Rde8 14. Nxd5 Qe6 15. Bc4 Qd6 16. h5 cxd5 17. Bxd5+ Kb8 18. hxg6 hxg6 19. 0-0 Bg5 20. Bxb7 Nb6 21. Ba6 Nd5 22. Rc5 Qxa6 23. Qxd5 Bh4 24. Rb5+ 1-0

[Event "Berlin Lichtenberger op 16th"]
[Site "Berlin"]
[Date "2017.08.26"]
[Round "8"]
[White "Mueller, Joerg Rene"]
[Black "Ellert, Stefan"]
[Result "1/2-1/2"]
[WhiteElo "1553"]
[BlackElo "1355"]
[PlyCount "130"]
[EventDate "2017.08.19"]
[EventType "swiss"]
[EventRounds "9"]
[EventCountry "GER"]
[SourceTitle "CBM 180 Extra"]
[Source "ChessBase"]
[SourceDate "2017.10.06"]
[SourceVersion "1"]
[SourceVersionDate "2017.10.06"]
[SourceQuality "1"]

1. f4 Nf6 2. c4 Nc6 3. Nf3 d5 4. cxd5 Nxd5 5. e4 Nxf4 6. d3 Ng6 7. Be2 e5 8. 0-0 Bc5+ 9. Kh1 Be6 10. Ng5 Qd7 11. Nxe6 Qxe6 12. Bg4 Qd6 13. Nc3 a6 14. Nd5 Nge7 15. Qf3 0-0 16. Bg5 Nxd5 17. exd5 Nd4 18. Qe4 h6 19. Be3 Rad8 20. Rae1 Bb6 21. Bxd4 Bxd4 22. b3 Bb6 23. Rf3 Qxd5 24. Qxd5 Rxd5 25. Bf5 Rd6 26. Be4 c6 27. h3 g6 28. g4 Kg7 29. Kg2 Bd4 30. Ref1 f6 31. h4 b6 32. Rc1 c5 33. Rc2 Rb8 34. a3 Rf8 35. Kh3 f5 36. gxf5 gxf5 37. Rg2+ Rg6 38. Bxf5 Rxg2 39. Kxg2 Rf6 40. h5 b5 41. Kf1 a5 42. Ke2 a4 43. bxa4 bxa4 44. Kd1 Be3 45. Kc2 Bf4 46. Be4 Bg5 47. Kc3 Rxf3 48. Bxf3 Bc1 49. Bc6 Bxa3 50. Bxa4 Kf6 51. Bb5 Kg5 52. Be8 Kf5 53. Bg6+ Ke6 54. Kc4 Kd6 55. Be4 Bb2 56. Bg6 Bd4 57. Be4 Ke6 58. Bg6 Kf6 59. Kd5 Kg5 60. Ke6 Kf4 61. Kf7 Ke3 62. Bf5 Kf4 63. Kg6 c4 64. dxc4 e4 65. Bxe4 Kxe4 1/2-1/2

[Event "Berlin Lichtenberger op 16th"]
[Site "Berlin"]
[Date "2017.08.23"]
[Round "5"]
[White "Ellert, Stefan"]
[Black "Glaesmann, Christian"]
[Result "1-0"]
[WhiteElo "1355"]
[BlackElo "1472"]
[PlyCount "163"]
[EventDate "2017.08.19"]
[EventType "swiss"]
[EventRounds "9"]
[EventCountry "GER"]
[SourceTitle "CBM 180 Extra"]
[Source "ChessBase"]
[SourceDate "2017.10.06"]
[SourceVersion "1"]
[SourceVersionDate "2017.10.06"]
[SourceQuality "1"]

1. e4 d6 2. d4 g6 3. Nf3 Bg7 4. h3 Nf6 5. Nc3 0-0 6. Bc4 Nc6 7. Bg5 a6 8. Qd2 b5 9. Bb3 b4 10. Bxf6 Bxf6 11. Nd5 Bg7 12. Nxb4 Nxb4 13. Qxb4 a5 14. Qd2 Bb7 15. Qd3 e6 16. h4 d5 17. exd5 exd5 18. Ba4 Qe7+ 19. Qe3 Qb4+ 20. Qc3 Qxa4 21. 0-0 Qc4 22. Qd2 Rfe8 23. Rfe1 Qb4 24. Qf4 Qd6 25. Qd2 c5 26. dxc5 Qxc5 27. c3 Rad8 28. Rad1 Rxe1+ 29. Rxe1 Qd6 30. h5 h6 31. hxg6 fxg6 32. Nh4 Bc6 33. Qd3 Re8 34. Rd1 Re4 35. Nf3 Rg4 36. Nh2 Rh4 37. Nf3 Rh5 38. g4 Rh3 39. Kg2 Rxf3 40. Kxf3 d4+ 41. Ke2 Qe5+ 42. Kf1 Qd5 43. Qg3 Qh1+ 44. Ke2 Qe4+ 45. Kf1 Kh7 46. Qh3 Bb5+ 47. Kg1 Qe2 48. Rxd4 Bxd4 49. cxd4 Qd1+ 50. Kh2 Bc6 51. Kg3 Qg1+ 52. Kf4 Qxf2+ 53. Ke5 Qe2+ 54. Kd6 Qb5 55. g5 h5 56. Qe6 Qd5+ 57. Qxd5 Bxd5 58. Kxd5 h4 59. Ke4 h3 60. Kf3 Kg7 61. Kg3 h2 62. Kxh2 Kf7 63. Kg3 Ke6 64. Kf3 Kd5 65. Ke3 Ke6 66. Ke4 a4 67. b3 axb3 68. axb3 Kd6 69. d5 Kd7 70. Ke5 Kd8 71. Ke6 Ke8 72. b4 Kd8 73. d6 Ke8 74. d7+ Kd8 75. b5 Kc7 76. Ke7 Kb7 77. b6 Kb8 78. d8Q+ Kb7 79. Kd6 Ka6 80. Kc5 Kb7 81. Qc7+ Ka8 82. Qa7# 1-0